Polytechnic chemistry : (Record no. 7503)

MARC details
000 -LEADER
fixed length control field 00567 a2200181 4500
010 ## - LCCN (DPL NO)
LC control number ENG-88013
020 ## - INTERNATIONAL STANDARD BOOK NUMBER
International Standard Book Number 8186321810
Terms of availability 100.00
035 ## - SYSTEM CONTROL NUMBER
System control number EN-71546
037 ## - SOURCE OF ACQUISITION
Source of stock number/acquisition DBAD / PUB
082 14 - DEWEY DECIMAL CLASSIFICATION NUMBER
Classification number 540
100 1# - MAIN ENTRY--PERSONAL NAME
Personal name Mehta, Ved Prakash
245 1# - TITLE STATEMENT
Title Polytechnic chemistry :
Remainder of title for engineering diploma students /
Statement of responsibility, etc by Ved Prakash Mehta
250 ## - EDITION STATEMENT
Edition statement 8th rev. ed.
260 ## - PUBLICATION, DISTRIBUTION, ETC. (IMPRINT)
Place of publication, distribution, etc New Delhi
Name of publisher, distributor, etc Jain Borthers
Date of publication, distribution, etc 2007
270 ## - ADDRESS
Address 16/873, East Park Road, Karol Bagh
City New Delhi
Postal code 110 005
300 ## - PHYSICAL DESCRIPTION
Extent 528 p.
Dimensions 22 cm (Pbk)
942 ## - ADDED ENTRY ELEMENTS (KOHA)
Institution code [OBSOLETE] dpl
Item type English Books
Source of classification or shelving scheme Dewey Decimal Classification
Classification part 540 / MEH
Holdings
Withdrawn status Lost status Not for loan Collection code Home library Current library Source of acquisition Cost, normal purchase price Full call number Barcode Copy number Cost, replacement price Koha item type
    Not For Loan Non-fiction D.B.Act.Division D.B.Act.Division DBAD/PUB 100.00 540 / MEH EN-71546 1 100.00 English Books

© Delhi Public Library
Hit Counter
free hit counter